Guess the Fusion Rock Song Lyrics #134 - Statistics

General Stats
  • This quiz has been taken 12 times
  • The average score is 251 of 358
Answer Stats
Answer % Correct
for
100%
I
100%
a
91%
and
91%
by
91%
can
91%
can't
91%
Can't
91%
do
91%
Do
91%
Don't
91%
don't
91%
go
91%
love
91%
Love
91%
me
91%
no
91%
on
91%
that
91%
the
91%
This
91%
this
91%
time
91%
To
91%
to
91%
way
91%
we
91%
What
91%
what
91%
When
91%
when
91%
will
91%
You
91%
you
91%
From
82%
got
82%
gotta
82%
heart
82%
How
82%
how
82%
is
82%
Is
82%
I've
82%
know
82%
my
82%
Now
82%
One
82%
one
82%
only
82%
So
82%
so
82%
was
82%
Well
82%
we're
82%
We're
82%
Why
82%
you're
82%
Come
73%
come
73%
gonna
73%
in
73%
last
73%
more
73%
Oh
73%
oh
73%
say
73%
Tell
73%
tell
73%
There
73%
wanna
73%
are
64%
But
64%
but
64%
comes
64%
find
64%
forever
64%
I'm
64%
need
64%
our
64%
that's
64%
truth
64%
we've
64%
after
55%
apart
55%
eyes
55%
feelin
55%
home
55%
Kenny Loggins
55%
lie
55%
right
55%
start
55%
There's
55%
ain't
45%
away
45%
Back
45%
Darlin
45%
darlin
45%
Does
45%
give
45%
goodbye
45%
Maybe
45%
maybe
45%
or
45%
together
45%
tried
45%
anymore
36%
anything
36%
chance
36%
end
36%
grow
36%
grown
36%
lies
36%
Loving
36%
near
36%
People
36%
reason
36%
Through
36%
turn
36%
crazy
27%
darling
27%
each
27%
honey
27%
leave
27%
little
27%
years
27%
final
18%
other's
18%
torn
18%
alibis
9%
collecting
9%
later
9%
Mama
9%
Sooner
9%
touch
9%
Touch
9%
So darlin
0%
No matching quizzes found
Score Distribution
Percent of People with Each Score
Percentile by Number Answered
Your Score History
You have not taken this quiz